00501nam a2200181Ia 4500003000400000005001700004008004100021020001800062040000700080041000800087082001500095100001500110245007700125260004700202300001800249365001300267650003900280OSt20230605125521.0210423s2004 xx 000 0 und d a81-7629-283-4 cAL aeng a362.1 GOEH aGOEL (S L) aHealth care policies and programmesbHealth care system and management 2 aNew DelhibDeep and deep publicationc2004 aviii, 353bHB b825cINR aSocial Welfare Problems & Services